000
00318nam a2200109Ia 4500
008
200302s9999 xx 000 0 und d
100
_a
Satya Narayana Murty Challa
245
_a
Water Resources Engineering Principles and Practics 2nd ed.
260
_b
New Age International (P) Ltd.
260
_c
2007
300
_a
306 P.,
999
_c
5724
_d
5724